Zhodnotenie hydrologického roka 2014 z pohľadu povrchových vôd

Priemerné úhrny zrážok na území SR v hydrologickom roku 2014. Priemerné výšky zrážok a odtoku v jednotlivých povodiach SR v hydrologickom roku 2014. Prietok vody. Interakcia povrchových a podzemných vôd.

Salvato in:
Dettagli Bibliografici
Autore principale: Blaškovičová, Lotta
Natura: Capitolo di libro
Lingua:slovacco
Soggetti:
Tags: Aggiungi Tag
Nessun Tag, puoi essere il primo ad aggiungerne!!

MARC

LEADER 00000naa a2200000 4500
001 0200958
005 20221019175331.3
041 0 |a slo 
044 |a SK 
245 1 0 |a Zhodnotenie hydrologického roka 2014 z pohľadu povrchových vôd  |c Lotta Blaškovičová ...[et al.] 
520 |a Priemerné úhrny zrážok na území SR v hydrologickom roku 2014. Priemerné výšky zrážok a odtoku v jednotlivých povodiach SR v hydrologickom roku 2014. Prietok vody. Interakcia povrchových a podzemných vôd. 
610 2 0 |a voda povrchová 
610 2 0 |a zrážky vodné 
610 2 0 |a Slovensko 
610 2 0 |a 2014 
100 1 |a Blaškovičová, Lotta